00433nam a2200169Ia 4500003000400000008004100004040001600045082001200061100002700073245004700100260004200147300000800189650001500197650001100212650001800223650002200241GCL140319s9999 xx 000 0 eng d aGCL / cGCL04a841bSO1 aSENGHOR, LEOPOLD SEDAR10aOEUVRE POETIGUE / cSENGHOR, LEOPOLD SEDAR a[S.N] : bEDITIONS DU SEUIL ، c1990 a42904aLITERATURE04aPOETRY04aFRENCH POETRY04aFRENCH LITERATURE